| 000 | 00476 a2200145 4500 | ||
|---|---|---|---|
| 001 | ART_7273 | ||
| 005 | 20260410161700.0 | ||
| 008 | 260409a | ||
| 245 | 1 | 0 | _aLa bancarización y los determinantes de la disponibilidad de servicios bancarios en Argentina |
| 100 | 1 | _aBlanco, Emilio | |
| 700 | 1 | _aAnastasi, Alejandra | |
| 700 | 1 | _aElosegui, Pedro | |
| 700 | 1 | _aSangiácomo, Máximo | |
| 773 | 0 |
_tEnsayos Económicos _g- Nº 60 (oct./dic. 2010) _wREV620 |
|
| 999 |
_c15079 _d15079 |
||